| 000 | 01294nam a2200241Ia 4500 | ||
|---|---|---|---|
| 003 | Ost | ||
| 005 | 20260507075226.0 | ||
| 008 | 260507s9999||||xx |||||||||||||| ||und|| | ||
| 020 | _a52244099619 | ||
| 040 | _cfsecg | ||
| 041 | _aara | ||
| 082 | _a330 | ||
| 100 |
_aخالفي، علي _eمؤلف |
||
| 245 | 0 |
_aالمدخل الى علم الإقتصاد : _bمفاهيم -مصطلحات -أسئلة / _c علي خالفي |
|
| 260 |
_aالجزائر: _bدار أسامة للنشر والتوزيع, _c2009 |
||
| 300 |
_a230 صفحة؛ _c24 سم |
||
| 504 | _aمراجع ص.225 | ||
| 520 | _aالتعريف بعلم الاقتصاد ، تاريخ علم الاقتصاد ، الانظمة الاقتصادية ،مبادئ الاقتصاد الجزئي : مفهوم الانتاج و العرض ، الاستهلاك و الطلب ، توازن السوق و أشكال تدخل الدولة ، مبادئ الاقتصاد الكلي : الدخل الوطني ، النقود و البنوك ، الازمات الاقتصادية ، قضايا التنمية و السياسات الاقتصادية و اقتصاديات السكان . | ||
| 653 | _aالاقتصاد | ||
| 653 | _aالأنظمة الإقتصادية | ||
| 653 | _aعلم الاقتصادي | ||
| 942 | _cكتاب | ||
| 999 |
_c43541 _d43541 |
||